[Event "Istanbul Open 2018"]
[Site "Istanbul"]
[Date "2018.09.07"]
[Round "8"]
[White "Gulceken, Sumeyye"]
[Black "Hakkaki Fard, Pedram"]
[Result "1/2-1/2"]
[WhiteElo "1549"]
[BlackElo "1815"]
[Annotator "NA RC"]
[PlyCount "85"]
[EventDate "2018.09.02"]
[EventType "swiss"]
[EventCountry "TUR"]
[SourceTitle "playchess.com"]
[Source "ChessBase"]
[SourceQuality "1"]
[TimeControl "5400+30"]

1. d4 d5 2. c4 dxc4 3. Nf3 c5 4. e3 Nf6 5. Bxc4 e6 6. Nc3 a6 7. O-O b5 8. Be2 Nc6 9. a3 cxd4 10. Nxd4 Nxd4 11. exd4 Bb7 12. Be3 Be7 13. Rc1 O-O 14. Bf3 Qd7 15. Qe2 Rfd8 16. Rfd1 h6 17. Bf4 Rac8 18. Be5 Bxf3 19. Qxf3 Qc6 20. Qxc6 Rxc6 21. Nd5 Rxc1 22. Nxe7+ Kf8 23. Ng6+ fxg6 24. Rxc1 Ke7 25. f3 a5 26. Kf2 a4 27. Rc5 Rd5 28. Ke2 g5 29. Kd3 Rxc5 30. dxc5 Kd7 31. Kd4 Kc6 32. g3 h5 33. h3 Ne8 {[%emt 1:45:36]} 34. f4 {[%emt 1:31:40]} gxf4 {[%emt 0:00:30]} 35. gxf4 {[%emt 0:00:30]} Nf6 {[%emt 0:00:30]} 36. h4 {[%emt 0:00:30]} Ne8 {[%emt 0:00:30]} 37. Bb8 {[%emt 0:00:30]} Nf6 {[%emt 0:00:30]} 38. Bd6 {[%emt 0:00:30]} Kd7 {[%emt 0:00:31]} 39. Ke5 {[%emt 0:11:52]} Ng4+ {[%emt 0:00:05]} 40. Ke4 {[%emt 0:00:00]} g6 {[%emt 0:00:18]} 41. Be5 {[%emt 0:00:00]} Kc6 {[%emt 0:00:55]} 42. Bd4 {[%emt 0:00:00]} Kd7 {[%emt 0:00:03]} 43. Be5 {[%emt 0:00:00]} 1/2-1/2

[Event "Istanbul Open 2018"]
[Site "Istanbul"]
[Date "2018.09.07"]
[Round "8"]
[White "Kalyoncuoglu, Naci Can"]
[Black "Yildiz, Erhan"]
[Result "0-1"]
[WhiteElo "1164"]
[BlackElo "1777"]
[Annotator "NA RC"]
[PlyCount "104"]
[EventDate "2018.09.02"]
[EventType "swiss"]
[EventCountry "TUR"]
[SourceTitle "playchess.com"]
[Source "ChessBase"]
[SourceQuality "1"]
[TimeControl "5400+30"]

1. e4 e5 2. d4 exd4 3. Bc4 Nc6 4. Nf3 Bc5 5. c3 d3 6. Qxd3 d6 7. Bg5 Nge7 8. O-O O-O 9. Rd1 Bg4 10. Nbd2 h6 11. Be3 Bb6 12. Bd4 Nxd4 13. cxd4 d5 14. Bb3 c6 15. h3 Bh5 16. g4 Bg6 17. Ne5 dxe4 18. Nxe4 Bh7 19. f4 Qc7 20. Kh1 Rad8 21. Qe3 Nd5 22. Bxd5 Rxd5 23. Nc3 Rdd8 24. Na4 Bc2 25. Nxb6 Bxd1 26. Nbd7 Rfe8 27. Rxd1 Rxd7 {[%emt 1:26:47]} 28. Rg1 {[%emt 1:42:35]} Rd5 {[%emt 0:00:30]} 29. g5 {[%emt 0:00:30]} h5 {[%emt 0:00:30]} 30. Qf3 {[%emt 0:00:30]} g6 {[%emt 0:00:30]} 31. f5 {[%emt 0:00:30]} Rxd4 {[%emt 0:00:30]} 32. Nxg6 {[%emt 0:00:30]} fxg6 {[%emt 0:00:30]} 33. fxg6 {[%emt 0:00:30]} Qe7 {[%emt 0:00:30]} 34. Kh2 {[%emt 0:00:30]} Qe2+ {[%emt 0:00:30]} 35. Qxe2 {[%emt 0:00:30]} Rxe2+ {[%emt 0:00:30]} 36. Kg3 {[%emt 0:00:30]} Rxb2 {[%emt 0:00:30]} 37. h4 {[%emt 0:00:30]} Rxa2 {[%emt 0:00:30]} 38. Re1 {[%emt 0:00:30]} Ra3+ {[%emt 0:00:30]} 39. Kg2 {[%emt 0:00:30]} Rg4+ {[%emt 0:00:30]} 40. Kf2 {[%emt 0:00:30]} Rxh4 {[%emt 0:00:30]} 41. Kg2 {[%emt 0:00:30]} Rg4+ {[%emt 0:00:16]} 42. Kh2 {[%emt 0:00:35]} Rxg5 {[%emt 0:00:19]} 43. g7 {[%emt 0:00:08]} Rxg7 {[%emt 0:00:26]} 44. Rf1 {[%emt 0:00:22]} Rd7 {[%emt 0:00:22]} 45. Re1 {[%emt 0:01:06]} Rd2+ {[%emt 0:01:16]} 46. Kh1 {[%emt 0:00:08]} Rb3 {[%emt 0:00:50]} 47. Kg1 {[%emt 0:00:46]} a5 {[%emt 0:00:25]} 48. Ra1 {[%emt 0:00:11]} a4 {[%emt 0:00:18]} 49. Kh1 {[%emt 0:00:13]} a3 {[%emt 0:00:23]} 50. Rg1+ {[%emt 0:00:03]} Kh7 {[%emt 0:00:24]} 51. Rf1 {[%emt 0:00:05]} a2 {[%emt 0:00:34]} 52. Rf7+ {[%emt 0:00:09]} Kg6 {[%emt 0:00:11]} 0-1

[Event "Istanbul Open 2018"]
[Site "Istanbul"]
[Date "2018.09.08"]
[Round "9"]
[White "Bagaturov, Giorgi"]
[Black "Guven, Oguz Kagan"]
[Result "1-0"]
[WhiteElo "2396"]
[BlackElo "2022"]
[Annotator "NA"]
[PlyCount "69"]
[EventDate "2018.09.02"]
[EventType "swiss"]
[EventCountry "TUR"]
[SourceTitle "playchess.com"]
[Source "ChessBase"]
[SourceQuality "1"]
[TimeControl "5400+30"]

1. c4 {[%emt 0:00:30]} Nf6 {[%emt 0:05:30]} 2. Nc3 {[%emt 0:00:00]} e6 {[%emt 0:00:00]} 3. Nf3 {[%emt 0:04:00]} d5 {[%emt 0:01:00]} 4. d4 {[%emt 0:00:30]} Be7 {[%emt 0:00:30]} 5. Bg5 {[%emt 0:00:30]} O-O {[%emt 0:00:30]} 6. e3 {[%emt 0:00:30]} h6 {[%emt 0:00:00]} 7. Bxf6 {[%emt 0:05:30]} Bxf6 {[%emt 0:00:00]} 8. Rc1 {[%emt 0:01:30]} c6 {[%emt 0:06:30]} 9. Be2 {[%emt 0:00:30]} Nd7 $11 {[%emt 0:01:30] LiveBook: 16 Games} 10. O-O {[%emt 0:00:30]} dxc4 {[%emt 0:00:30]} 11. Bxc4 {[%emt 0:00:30]} e5 {[%emt 0:00:30]} 12. h3 {[%emt 0:00:30]} exd4 {[%emt 0:04:30]} 13. exd4 {[%emt 0:00:30]} Nb6 {[%emt 0:01:30]} 14. Bb3 {[%emt 0:00:30]} Bf5 {[%emt 0:03:30]} 15. Re1 {[%emt 0:04:30]} Qd6 {[%emt 0:15:30]} 16. Ne5 {[%emt 0:03:30]} Bxe5 {[%emt 0:14:30]} 17. Rxe5 {[%emt 0:12:30]} Bh7 {[%emt 0:03:30]} 18. Re3 {[%emt 0:05:30]} Rad8 {[%emt 0:00:30]} 19. Qf3 {[%emt 0:06:30]} Rd7 {[%emt 0:13:30]} 20. Rd1 {[%emt 0:09:30]} Re7 {[%emt 0:06:30]} 21. d5 {[%emt 0:04:30]} Rxe3 {[%emt 0:04:59]} 22. Qxe3 {[%emt 0:00:30]} Bg6 {[%emt 0:04:35]} 23. dxc6 {[%emt 0:22:38]} Qxc6 {[%emt 0:00:01]} 24. Qf4 {[%emt 0:00:44]} Qc5 {[%emt 0:07:41]} 25. Qf3 {[%emt 0:01:39]} Qc7 {[%emt 0:02:35]} 26. Nb5 {[%emt 0:04:15]} Qe5 {[%emt 0:00:59]} 27. Nd6 {[%emt 0:01:05]} Qxb2 {[%emt 0:01:02]} 28. Qxb7 {[%emt 0:01:18]} Qa3 {[%emt 0:01:30]} 29. Qe7 {[%emt 0:01:17]} a5 {[%emt 0:00:34]} 30. Re1 {[%emt 0:00:14]} Ra8 {[%emt 0:00:30]} 31. Bxf7+ {[%emt 0:01:05]} Bxf7 {[%emt 0:00:16]} 32. Qxf7+ {[%emt 0:00:06]} Kh8 {[%emt 0:00:04]} 33. Ne8 {[%emt 0:01:25]} Qc3 {[%emt 0:00:22]} 34. Re7 {[%emt 0:00:18]} Nd5 {[%emt 0:00:19]} 35. Qf8+ {[%emt 0:00:06]} 1-0

[Event "Istanbul Open 2018"]
[Site "Istanbul"]
[Date "2018.09.08"]
[Round "9"]
[White "Mohannad, Farhan"]
[Black "Ozveren, Ali Bulent"]
[Result "1-0"]
[WhiteElo "2201"]
[BlackElo "1849"]
[Annotator "NA"]
[PlyCount "99"]
[EventDate "2018.09.02"]
[EventType "swiss"]
[EventCountry "TUR"]
[SourceTitle "playchess.com"]
[Source "ChessBase"]
[SourceQuality "1"]
[TimeControl "5400+30"]

1. d4 {[%emt 0:00:30]} Nf6 {[%emt 0:01:30]} 2. c4 {[%emt 0:00:00]} e6 {[%emt 0:00:00]} 3. Nf3 {[%emt 0:00:00]} b6 {[%emt 0:00:00]} 4. g3 {[%emt 0:00:00]} Bb7 {[%emt 0:00:30]} 5. Bg2 {[%emt 0:00:00]} Be7 {[%emt 0:00:30]} 6. O-O {[%emt 0:00:00]} O-O {[%emt 0:00:30]} 7. Re1 {[%emt 0:00:00]} d5 {[%emt 0:00:00]} 8. cxd5 {[%emt 0:00:30]} exd5 {[%emt 0:02:00]} 9. Nc3 {[%emt 0:00:30]} Re8 {[%emt 0:00:30]} 10. Bf4 {[%emt 0:00:30]} c6 {[%emt 0:03:30]} 11. Rc1 {[%emt 0:01:30]} Nbd7 {[%emt 0:00:30] LiveBook: 9 Games} 12. a3 {[%emt 0:06:30]} Bf8 $14 {[%emt 0:04:30]} 13. Nh4 {[%emt 0:03:30]} g6 {[%emt 0:03:30]} 14. e4 {[%emt 0:20:30]} dxe4 {[%emt 0:00:30]} 15. Nxe4 {[%emt 0:00:00]} Nxe4 {[%emt 0:01:30]} 16. Rxe4 {[%emt 0:00:00]} Nf6 {[%emt 0:09:30]} 17. Rxe8 {[%emt 0:01:30]} Qxe8 {[%emt 0:00:30]} 18. Qd2 {[%emt 0:11:30]} Qd7 {[%emt 0:00:30]} 19. Bg5 {[%emt 0:00:30]} Bg7 {[%emt 0:00:30]} 20. Re1 {[%emt 0:01:30]} Re8 {[%emt 0:03:30]} 21. Rxe8+ {[%emt 0:00:30]} Nxe8 {[%emt 0:01:30]} 22. Nf3 {[%emt 0:03:30]} Qe6 {[%emt 0:09:30]} 23. Bh6 {[%emt 0:02:30]} Bf6 {[%emt 0:03:30]} 24. h4 {[%emt 0:07:30]} Nd6 {[%emt 0:10:30]} 25. Ne5 {[%emt 0:05:30]} Nc4 {[%emt 0:08:30]} 26. Nxc4 {[%emt 0:00:30]} Qxc4 {[%emt 0:00:00]} 27. Qf4 {[%emt 0:00:00]} Qe6 {[%emt 0:02:00]} 28. Bh3 {[%emt 0:02:00]} Qe1+ {[%emt 0:06:30]} 29. Kh2 {[%emt 0:00:00]} Bd8 {[%emt 0:00:30]} 30. Qb8 {[%emt 0:05:00]} Qe7 {[%emt 0:00:30]} 31. Qxa7 {[%emt 0:00:30]} c5 {[%emt 0:01:30]} 32. Bg2 {[%emt 0:04:30]} Bxg2 {[%emt 0:02:30]} 33. Qxe7 {[%emt 0:00:30]} Bxe7 {[%emt 0:00:30]} 34. Kxg2 {[%emt 0:00:00]} cxd4 {[%emt 0:00:30]} 35. Kf3 {[%emt 0:01:00]} f5 {[%emt 0:02:30]} 36. Ke2 {[%emt 0:00:30]} b5 {[%emt 0:01:30]} 37. Kd3 {[%emt 0:01:30]} Kf7 {[%emt 0:00:30]} 38. Bc1 {[%emt 0:01:30]} Bf6 {[%emt 0:04:16]} 39. b3 {[%emt 0:01:30]} Ke6 {[%emt 0:00:23]} 40. a4 {[%emt 0:00:00]} bxa4 {[%emt 0:02:31]} 41. bxa4 {[%emt 0:00:00]} Kd5 {[%emt 0:00:24]} 42. Bf4 {[%emt 0:01:30]} Bd8 {[%emt 0:01:54]} 43. Bg5 {[%emt 0:02:30]} Bb6 {[%emt 0:00:41]} 44. Bf6 {[%emt 0:00:00]} Ba7 {[%emt 0:02:09]} 45. a5 {[%emt 0:00:00]} Bc5 {[%emt 0:01:55]} 46. Bd8 {[%emt 0:01:30]} Bb4 {[%emt 0:04:11]} 47. Bb6 {[%emt 0:00:30]} h5 {[%emt 0:04:08]} 48. a6 {[%emt 0:00:30]} Kc6 {[%emt 0:00:28]} 49. Bxd4 {[%emt 0:00:30]} Bd6 {[%emt 0:00:44]} 50. Be3 {[%emt 0:00:30]} 1-0

[Event "Istanbul Open 2018"]
[Site "Istanbul"]
[Date "2018.09.08"]
[Round "9"]
[White "Abishli, Oghuz"]
[Black "Ozkan, Taha"]
[Result "1-0"]
[WhiteElo "2099"]
[BlackElo "1997"]
[Annotator "NA"]
[PlyCount "77"]
[EventDate "2018.09.02"]
[EventType "swiss"]
[EventCountry "TUR"]
[SourceTitle "playchess.com"]
[Source "ChessBase"]
[SourceQuality "1"]
[TimeControl "5400+30"]

1. d4 {[%emt 0:00:30]} d5 {[%emt 0:00:30]} 2. c4 {[%emt 0:00:00]} c6 {[%emt 0:00:00]} 3. e3 {[%emt 0:00:00]} e6 {[%emt 0:00:00]} 4. Nf3 {[%emt 0:00:00]} Bd6 {[%emt 0:00:00]} 5. b3 {[%emt 0:00:00]} f5 {[%emt 0:00:00] LiveBook: 64 Partien} 6. g3 {[%emt 0:01:30]} Nf6 {[%emt 0:00:30]} 7. Bg2 {[%emt 0:00:30]} O-O {[%emt 0:00:30]} 8. O-O {[%emt 0:00:00]} Nbd7 {[%emt 0:00:30]} 9. Ba3 {[%emt 0:00:00]} Bxa3 {[%emt 0:00:30]} 10. Nxa3 {[%emt 0:00:30]} Qe7 {[%emt 0:01:30]} 11. Nc2 {[%emt 0:01:30]} b6 {[%emt 0:00:30]} 12. Ne5 {[%emt 0:19:30]} Bb7 {[%emt 0:06:30]} 13. b4 {[%emt 0:03:30]} Nxe5 {[%emt 0:13:30]} 14. dxe5 {[%emt 0:00:00]} Ng4 {[%emt 0:04:30]} 15. cxd5 {[%emt 0:02:00]} cxd5 $11 {[%emt 0:00:00]} 16. f4 {[%emt 0:00:30]} Rac8 {[%emt 0:01:00]} 17. Re1 {[%emt 0:05:30]} Rc3 {[%emt 0:07:30]} 18. h3 {[%emt 0:01:30]} Nh6 {[%emt 0:09:30]} 19. Nd4 {[%emt 0:01:30]} Rfc8 {[%emt 0:05:30]} 20. a3 {[%emt 0:07:30]} Qd7 {[%emt 0:16:30]} 21. Qd2 {[%emt 0:04:30]} R8c4 {[%emt 0:07:30]} 22. Bf1 {[%emt 0:01:30]} Rc7 {[%emt 0:02:30]} 23. Rec1 {[%emt 0:08:30]} Qc8 {[%emt 0:02:30]} 24. Rxc3 {[%emt 0:13:30]} Rxc3 {[%emt 0:00:30]} 25. Nxe6 {[%emt 0:01:30]} Rc2 {[%emt 0:00:00]} 26. Qd3 {[%emt 0:00:30]} Rc3 {[%emt 0:03:59]} 27. Qd4 {[%emt 0:00:30]} Rb3 {[%emt 0:01:30]} 28. Ng5 {[%emt 0:02:30]} Qc2 {[%emt 0:01:07]} 29. Re1 {[%emt 0:00:00]} Rxa3 {[%emt 0:02:26]} 30. e6 {[%emt 0:01:00]} Qc7 {[%emt 0:04:41]} 31. Bg2 {[%emt 0:08:54]} Qd6 {[%emt 0:05:14]} 32. Rc1 {[%emt 0:00:34]} Kf8 {[%emt 0:01:12]} 33. Nxh7+ {[%emt 0:10:58]} Kg8 {[%emt 0:00:05]} 34. Ng5 {[%emt 0:00:18]} Kf8 {[%emt 0:00:05]} 35. Bxd5 {[%emt 0:01:32]} Qxd5 {[%emt 0:01:54]} 36. Rc8+ {[%emt 0:00:31]} Ke7 {[%emt 0:00:21]} 37. Qxg7+ {[%emt 0:00:11]} Nf7 {[%emt 0:00:32]} 38. Qxf7+ {[%emt 0:00:11]} Kd6 {[%emt 0:00:04]} 39. Qc7# {[%emt 0:00:47]} 1-0

[Event "Istanbul Open 2018"]
[Site "Istanbul"]
[Date "2018.09.08"]
[Round "9"]
[White "Kuseyri, Mehmet Ali"]
[Black "Gulsoy, Mustafa Alpago"]
[Result "0-1"]
[WhiteElo "1962"]
[BlackElo "2061"]
[Annotator "NA"]
[PlyCount "76"]
[EventDate "2018.09.02"]
[EventType "swiss"]
[EventCountry "TUR"]
[SourceTitle "playchess.com"]
[Source "ChessBase"]
[SourceQuality "1"]
[TimeControl "5400+30"]

1. d4 {[%emt 0:00:30]} d5 {[%emt 0:00:30]} 2. c4 {[%emt 0:00:00]} e6 {[%emt 0:00:00]} 3. Nc3 {[%emt 0:00:00]} a6 {[%emt 0:00:00]} 4. cxd5 {[%emt 0:00:30]} exd5 {[%emt 0:00:00]} 5. Nf3 {[%emt 0:00:30]} h6 {[%emt 0:00:00]} 6. Bf4 {[%emt 0:00:30]} Nf6 {[%emt 0:01:30] LiveBook: 5 Partien} 7. e3 {[%emt 0:02:30]} b6 {[%emt 0:08:30]} 8. Be2 {[%emt 0:00:30]} Bb7 {[%emt 0:02:30]} 9. O-O {[%emt 0:00:30]} Bd6 {[%emt 0:02:30]} 10. Ne5 {[%emt 0:03:30]} Nbd7 $14 {[%emt 0:02:30]} 11. Bg4 {[%emt 0:13:30]} Qe7 {[%emt 0:05:30]} 12. Nxd7 {[%emt 0:05:30]} Nxd7 {[%emt 0:03:30]} 13. Bf3 {[%emt 0:07:30]} Nf6 {[%emt 0:00:30]} 14. Re1 {[%emt 0:09:30]} O-O {[%emt 0:00:30]} 15. Bxd6 {[%emt 0:00:30]} Qxd6 {[%emt 0:00:30]} 16. Qc2 {[%emt 0:02:30]} Rfe8 {[%emt 0:01:30]} 17. g3 {[%emt 0:01:30]} Re7 {[%emt 0:01:30]} 18. Rab1 {[%emt 0:02:30]} c5 {[%emt 0:03:30]} 19. dxc5 {[%emt 0:01:30]} bxc5 {[%emt 0:00:00]} 20. Na4 {[%emt 0:01:30]} Rc8 {[%emt 0:02:00]} 21. Rbc1 {[%emt 0:00:30]} Rec7 {[%emt 0:02:30]} 22. Qd2 {[%emt 0:02:30]} Qe6 {[%emt 0:02:30]} 23. Qa5 {[%emt 0:01:30]} Nd7 {[%emt 0:00:00]} 24. Bg2 {[%emt 0:02:30]} g6 {[%emt 0:12:00]} 25. Red1 {[%emt 0:02:30]} Kh7 {[%emt 0:02:30]} 26. b4 {[%emt 0:04:30]} d4 {[%emt 0:07:30]} 27. Bxb7 {[%emt 0:01:30]} Rxb7 {[%emt 0:00:00]} 28. exd4 {[%emt 0:04:30]} Rb5 {[%emt 0:00:00]} 29. d5 {[%emt 0:03:30]} Qf6 {[%emt 0:06:30]} 30. Nxc5 {[%emt 0:00:30]} Rxa5 {[%emt 0:00:30]} 31. Nxd7 {[%emt 0:00:30]} Qd8 {[%emt 0:00:00]} 32. Rxc8 {[%emt 0:00:30]} Qxc8 {[%emt 0:01:00]} 33. Nf6+ {[%emt 0:06:30]} Kg7 {[%emt 0:00:30]} 34. bxa5 {[%emt 0:00:30]} Kxf6 {[%emt 0:00:30]} 35. d6 {[%emt 0:00:52]} Qc2 {[%emt 0:00:00]} 36. Rd4 {[%emt 0:03:16]} Qxa2 {[%emt 0:00:00]} 37. Rf4+ {[%emt 0:02:14]} Ke6 {[%emt 0:00:30]} 38. d7 {[%emt 0:00:56]} Kxd7 {[%emt 0:00:00]} 0-1

[Event "Istanbul Open 2018"]
[Site "Istanbul"]
[Date "2018.09.08"]
[Round "9"]
[White "Tirak, Mert"]
[Black "Darban, Morteza"]
[Result "*"]
[WhiteElo "1941"]
[BlackElo "2333"]
[Annotator "NA"]
[PlyCount "70"]
[EventDate "2018.09.02"]
[EventType "swiss"]
[EventCountry "TUR"]
[SourceTitle "playchess.com"]
[Source "ChessBase"]
[SourceQuality "1"]
[TimeControl "5400+30"]

1. e4 {[%emt 0:00:30]} d6 {[%emt 0:03:30]} 2. d4 {[%emt 0:00:30]} g6 {[%emt 0:00:00]} 3. Nf3 {[%emt 0:00:00]} Bg7 {[%emt 0:03:00]} 4. c3 {[%emt 0:01:00]} Nd7 {[%emt 0:07:30]} 5. Bd3 {[%emt 0:01:30]} e5 {[%emt 0:00:30]} 6. O-O {[%emt 0:00:30]} Ngf6 {[%emt 0:00:30]} 7. Re1 {[%emt 0:00:30]} O-O {[%emt 0:00:00]} 8. Nbd2 {[%emt 0:00:30]} b6 {[%emt 0:02:00] LiveBook: 75 Partien} 9. a4 {[%emt 0:01:30]} a5 {[%emt 0:01:30] B07: Pirc Defence: Miscellaneous Systems} 10. Qc2 {[%emt 0:09:30]} Bb7 {[%emt 0:00:30]} 11. dxe5 $146 {[%emt 0:00:30]} ({Predecessor:} 11. d5 Nh5 12. Nf1 Ndf6 13. b4 Nf4 14. bxa5 Rxa5 15. c4 Bc8 16. Ne3 Ng4 17. Bd2 {1-0 (52) Dominguez Perez,L (2594)-Chatalbashev,B (2529) Saint Vincent 2002}) 11... dxe5 {[%emt 0:00:30]} 12. b4 {[%emt 0:02:30]} Nh5 {[%emt 0:11:30]} 13. g3 {[%emt 0:02:30]} Qf6 {[%emt 0:00:00]} 14. Kg2 {[%emt 0:07:30]} Qe6 {[%emt 0:10:00]} 15. Nc4 {[%emt 0:09:30]} Nf4+ {[%emt 0:10:30]} 16. Bxf4 {[%emt 0:20:30]} exf4 {[%emt 0:00:30]} 17. Rad1 {[%emt 0:04:30]} Rfd8 {[%emt 0:03:30]} 18. Nd4 {[%emt 0:15:30]} Qe7 $15 {[%emt 0:07:30]} (18... Bxd4 $1 $17 19. cxd4 axb4) 19. bxa5 {[%emt 0:00:34]} bxa5 {[%emt 0:03:30]} 20. Rb1 {[%emt 0:02:26]} Nc5 {[%emt 0:02:30]} 21. Rxb7 {[%emt 0:02:37]} f3+ {[%emt 0:10:30]} 22. Kxf3 {[%emt 0:02:56]} Nxb7 {[%emt 0:00:00]} 23. e5 {[%emt 0:00:23]} Nc5 {[%emt 0:02:00]} 24. Nc6 {[%emt 0:04:55]} Rxd3+ {[%emt 0:00:45]} 25. Qxd3 {[%emt 0:00:33]} Qe6 {[%emt 0:00:23]} 26. Ne7+ {[%emt 0:03:37]} Qxe7 {[%emt 0:00:22]} 27. Qd5 {[%emt 0:00:18]} Rd8 {[%emt 0:00:30]} 28. Qc6 {[%emt 0:00:02]} Nd3 {[%emt 0:00:30]} 29. Re3 {[%emt 0:00:03]} Nxe5+ {[%emt 0:00:30]} 30. Nxe5 {[%emt 0:00:08]} Bxe5 {[%emt 0:00:30]} 31. Kg2 {[%emt 0:00:35]} Qd6 {[%emt 0:01:01]} 32. Qb5 {[%emt 0:03:09]} Qd5+ {[%emt 0:00:41]} 33. Qxd5 {[%emt 0:00:05]} Rxd5 {[%emt 0:00:09]} 34. c4 {[%emt 0:00:02]} Rc5 {[%emt 0:00:09]} 35. f4 {[%emt 0:00:30]} Bd4 {[%emt 0:01:05]} *

[Event "Istanbul Open 2018"]
[Site "Istanbul"]
[Date "2018.09.08"]
[Round "9"]
[White "Asgarov, Nihad"]
[Black "Sarikavak, Serdar Ihsan"]
[Result "*"]
[WhiteElo "1937"]
[BlackElo "1798"]
[Annotator "NA"]
[PlyCount "56"]
[EventDate "2018.09.02"]
[EventType "swiss"]
[EventCountry "TUR"]
[SourceTitle "playchess.com"]
[Source "ChessBase"]
[SourceQuality "1"]
[TimeControl "5400+30"]

1. e4 {[%emt 0:00:30]} c5 {[%emt 0:00:30]} 2. Nf3 {[%emt 0:00:00]} d6 {[%emt 0:00:00]} 3. d4 {[%emt 0:00:00]} cxd4 {[%emt 0:00:00]} 4. Nxd4 {[%emt 0:00:00]} Nf6 {[%emt 0:00:00]} 5. Nc3 {[%emt 0:02:00] LiveBook: 99242 Partien} a6 {[%emt 0:01:00]} 6. Be3 {[%emt 0:00:00]} e6 {[%emt 0:00:30]} 7. Be2 {[%emt 0:00:00]} Nbd7 {[%emt 0:00:30]} 8. O-O {[%emt 0:00:30]} Qc7 {[%emt 0:01:30]} 9. a4 {[%emt 0:00:00]} b6 {[%emt 0:01:30]} 10. f3 $11 {[%emt 0:09:00]} Bb7 {[%emt 0:02:30]} 11. g4 {[%emt 0:00:00]} h6 {[%emt 0:02:30]} 12. Rf2 {[%emt 0:06:00]} d5 {[%emt 0:03:30]} 13. exd5 {[%emt 0:00:30]} Nxd5 {[%emt 0:00:30]} 14. Nxd5 {[%emt 0:00:30]} Bxd5 {[%emt 0:00:30]} 15. Qf1 {[%emt 0:01:30]} Bb7 {[%emt 0:03:30]} 16. Bc4 {[%emt 0:02:30]} Ne5 {[%emt 0:05:30]} 17. Bb3 {[%emt 0:02:30]} Bc5 {[%emt 0:15:30]} 18. c3 {[%emt 0:05:30]} g5 {[%emt 0:20:30]} 19. Re1 {[%emt 0:05:30]} O-O {[%emt 0:09:30]} 20. Ba2 {[%emt 0:23:30]} Qd7 {[%emt 0:16:59]} 21. Qh3 {[%emt 0:01:30]} Kg7 {[%emt 0:01:09]} 22. f4 {[%emt 0:16:30]} Nd3 {[%emt 0:08:36]} 23. fxg5 {[%emt 0:00:30]} h5 {[%emt 0:02:37]} 24. Rd2 {[%emt 0:06:31]} Nxe1 {[%emt 0:02:37]} 25. Nf5+ {[%emt 0:00:49]} exf5 {[%emt 0:00:06]} 26. Rxd7 {[%emt 0:00:12]} fxg4 {[%emt 0:00:44]} 27. Qxh5 {[%emt 0:02:42]} Bxe3+ {[%emt 0:00:37]} 28. Kf1 {[%emt 0:00:09]} Bf3 {[%emt 0:00:32]} *

[Event "Istanbul Open 2018"]
[Site "Istanbul"]
[Date "2018.09.08"]
[Round "9"]
[White "Tahaoglu, Ugur Barkin"]
[Black "Oztekin, Kerem Can"]
[Result "1-0"]
[WhiteElo "1893"]
[BlackElo "1943"]
[Annotator "NA"]
[PlyCount "33"]
[EventDate "2018.09.02"]
[EventType "swiss"]
[EventCountry "TUR"]
[SourceTitle "playchess.com"]
[Source "ChessBase"]
[SourceQuality "1"]
[TimeControl "5400+30"]

1. d4 {[%emt 0:02:30]} Nf6 {[%emt 0:00:30]} 2. Nf3 {[%emt 0:00:30]} c5 {[%emt 0:00:00]} 3. d5 {[%emt 0:00:30]} e6 {[%emt 0:01:00]} 4. Nc3 {[%emt 0:01:30]} exd5 {[%emt 0:00:30]} 5. Nxd5 {[%emt 0:00:30]} Nxd5 {[%emt 0:00:30]} 6. Qxd5 {[%emt 0:00:30]} Be7 {[%emt 0:00:00]} 7. Bf4 $14 {[%emt 0:01:30] LiveBook: 11 Games} O-O {[%emt 0:01:00]} 8. O-O-O {[%emt 0:02:30]} Nc6 {[%emt 0:00:30]} 9. Bd6 {[%emt 0:01:30]} Qa5 {[%emt 0:08:30]} 10. a3 {[%emt 0:04:30]} Bxd6 {[%emt 0:13:30]} 11. Qxd6 {[%emt 0:01:30]} c4 {[%emt 0:01:30]} 12. Rd5 {[%emt 0:20:30]} b5 {[%emt 0:01:30]} 13. Rg5 {[%emt 0:13:30]} c3 {[%emt 0:21:30]} 14. Qh6 {[%emt 0:05:30]} cxb2+ {[%emt 0:00:30]} 15. Kxb2 {[%emt 0:00:00]} g6 {[%emt 0:00:00]} 16. Rh5 {[%emt 0:01:00]} Re8 {[%emt 0:04:00]} 17. Ng5 {[%emt 0:00:30]} 1-0

[Event "Istanbul Open 2018"]
[Site "Istanbul"]
[Date "2018.09.08"]
[Round "9"]
[White "Aydin, Kaan Ayhan"]
[Black "Eryigit, Yakup"]
[Result "1/2-1/2"]
[WhiteElo "1877"]
[BlackElo "2030"]
[Annotator "NA"]
[PlyCount "87"]
[EventDate "2018.09.02"]
[EventType "swiss"]
[EventCountry "TUR"]
[SourceTitle "playchess.com"]
[Source "ChessBase"]
[SourceQuality "1"]
[TimeControl "5400+30"]

1. e4 {[%emt 0:04:30]} c5 {[%emt 0:01:30]} 2. Nf3 {[%emt 0:00:00]} d6 {[%emt 0:00:30]} 3. d4 {[%emt 0:00:00]} cxd4 {[%emt 0:00:30]} 4. Nxd4 {[%emt 0:00:00]} Nf6 {[%emt 0:00:30]} 5. Nc3 {[%emt 0:00:00]} a6 {[%emt 0:00:00]} 6. Rg1 {[%emt 0:02:30]} e5 {[%emt 0:07:00]} 7. Nb3 $1 {[%emt 0:01:30] LiveBook: 89 Partien} Be6 {[%emt 0:04:30]} 8. g4 {[%emt 0:00:30]} Nc6 {[%emt 0:00:30]} 9. g5 {[%emt 0:01:30]} Nd7 {[%emt 0:00:30]} 10. Be3 {[%emt 0:00:30]} Be7 {[%emt 0:02:30]} 11. Qd2 {[%emt 0:00:30]} O-O {[%emt 0:00:30]} 12. h4 {[%emt 0:03:30]} f5 {[%emt 0:12:30]} 13. exf5 {[%emt 0:06:30]} Rxf5 {[%emt 0:00:30]} (13... Bxf5 $14 14. Nd5 a5) 14. Bh3 {[%emt 0:01:30]} a5 $16 {[%emt 0:01:30]} 15. a3 {[%emt 0:08:30]} a4 {[%emt 0:00:30]} 16. Nc1 {[%emt 0:00:30]} g6 {[%emt 0:00:30]} 17. h5 {[%emt 0:04:30]} Qf8 {[%emt 0:01:30]} 18. Nd5 {[%emt 0:04:30]} Bd8 {[%emt 0:00:00]} 19. Ne2 {[%emt 0:02:30]} Ra5 {[%emt 0:02:00]} 20. Bxf5 {[%emt 0:00:30]} Qxf5 {[%emt 0:01:30]} 21. Ng3 {[%emt 0:05:30]} Qf7 {[%emt 0:06:30]} 22. hxg6 {[%emt 0:00:30]} hxg6 {[%emt 0:00:00]} 23. Nf6+ {[%emt 0:00:30]} Nxf6 {[%emt 0:00:00]} 24. gxf6 {[%emt 0:00:00]} d5 {[%emt 0:01:30]} 25. O-O-O {[%emt 0:03:00]} Bxf6 {[%emt 0:01:30]} 26. Nh5 {[%emt 0:03:30]} Bh8 {[%emt 0:00:30]} 27. Bb6 {[%emt 0:11:30]} Rb5 {[%emt 0:03:30]} 28. Qh6 {[%emt 0:00:00]} Bf5 {[%emt 0:00:30]} 29. Be3 {[%emt 0:06:00]} d4 {[%emt 0:17:30]} 30. Bd2 {[%emt 0:00:00]} Bxc2 {[%emt 0:00:30]} 31. Rg3 {[%emt 0:11:34]} Bf5 {[%emt 0:00:30]} 32. Rdg1 {[%emt 0:00:23]} Ne7 {[%emt 0:02:30]} 33. Bb4 {[%emt 0:02:17]} Rb6 {[%emt 0:04:30]} 34. Bxe7 {[%emt 0:02:39]} Qxe7 {[%emt 0:02:30]} 35. Rxg6+ {[%emt 0:05:39]} Rxg6 {[%emt 0:00:30]} 36. Rxg6+ {[%emt 0:00:08]} Bxg6 {[%emt 0:00:30]} 37. Qxg6+ {[%emt 0:00:02]} Bg7 {[%emt 0:01:30]} 38. Ng3 {[%emt 0:00:57]} Qf7 {[%emt 0:01:30]} 39. Qc2 {[%emt 0:01:13]} Qf3 {[%emt 0:03:30]} 40. Qf5 {[%emt 0:03:39]} Bh6+ {[%emt 0:00:30]} 41. Kc2 {[%emt 0:00:44]} Qc6+ {[%emt 0:01:30]} 42. Kd3 {[%emt 0:00:07]} Bf4 {[%emt 0:01:01]} 43. Ne4 {[%emt 0:00:36]} Qb5+ {[%emt 0:00:13]} 44. Kc2 {[%emt 0:00:09]} 1/2-1/2